Normal view
MARC view
- النورى،عبد الغني مؤلف/عبود،عبد الغني م.مشارك
Entry Personal Name
001 - CONTROL NUMBER
- control field: 15096
003 - CONTROL NUMBER IDENTIFIER
- control field: JO-AjAnu
005 - DATE AND TIME OF LATEST TRANSACTION
- control field: 20230606072717.0
008 - FIXED-LENGTH DATA ELEMENTS
- fixed length control field: 230606|| aca||aabn | a|a d
040 ## - CATALOGING SOURCE
- Original cataloging agency: JO-AjAnu
- Transcribing agency: JO-AjAnu
100 ## - HEADING--PERSONAL NAME
- Personal name: النورى،عبد الغني مؤلف/عبود،عبد الغني م.مشارك
670 ## - SOURCE DATA FOUND
- Source citation: Work cat.: (JO-AjAnu)7751: النورى،عبد الغني مؤلف/عبود،عبد الغني م.مشارك, author, نحو فلسفة عربية للتربية